[Event "Fortaleza Cearense Cup"]
[Site "Fortaleza"]
[Date "2015.12.12"]
[Round "4"]
[White "Santos, Antonio Inacio Dos"]
[Black "Rocancourt Moreira, Mauricio"]
[Result "1-0"]
[WhiteElo "2079"]
[BlackElo "2025"]
[PlyCount "103"]
[EventDate "2015.12.10"]
[EventType "swiss"]
[EventRounds "6"]
[EventCountry "BRA"]
[SourceTitle "EXT 2017"]
[Source "ChessBase"]
[SourceDate "2016.10.25"]
[SourceVersion "1"]
[SourceVersionDate "2016.10.25"]
[SourceQuality "1"]

1. d4 Nf6 2. Nf3 g6 3. c4 Bg7 4. Nc3 0-0 5. e4 d6 6. h3 e5 7. dxe5 dxe5 8. Qxd8 Rxd8 9. Bg5 Re8 10. Rd1 h6 11. Be3 Na6 12. a3 c6 13. Be2 b6 14. 0-0 Nh5 15. Rfe1 Nf4 16. Bf1 Bb7 17. g3 Ne6 18. b4 Rad8 19. Bg2 Nd4 20. Rc1 Nc7 21. Nd2 Nce6 22. f4 Nc7 23. Kf2 exf4 24. gxf4 Kh7 25. e5 Nf5 26. Nde4 Ne6 27. b5 Nxe3 28. Kxe3 cxb5 29. Nd5 Bxd5 30. cxd5 Nc5 31. Nxc5 bxc5 32. Rxc5 Bf8 33. Rxb5 g5 34. Rc1 gxf4+ 35. Kxf4 Rc8 36. Rxc8 Rxc8 37. Rb7 Kg8 38. Rxa7 Rc2 39. Bf3 Rc3 40. d6 f6 41. Bd5+ Kh8 42. d7 fxe5+ 43. Kf5 Be7 44. Ke6 Bg5 45. a4 Re3 46. Ra8+ Kg7 47. d8Q Bxd8 48. Rxd8 Rxh3 49. Kxe5 Ra3 50. Rg8+ Kh7 51. Ra8 Kg7 52. a5 1-0

[Event "Cearenses-ch"]
[Site "Fortaleza"]
[Date "2014.11.14"]
[Round "2"]
[White "Santos, Antonio Inacio Dos"]
[Black "Sousa Rodrigues, Vanessa Ketlyn"]
[Result "1-0"]
[WhiteElo "2086"]
[BlackElo "1755"]
[PlyCount "67"]
[EventDate "2014.11.13"]
[EventType "swiss"]
[EventRounds "6"]
[EventCountry "BRA"]
[SourceTitle "EXT 2022"]
[Source "ChessBase"]
[SourceDate "2021.10.06"]
[SourceVersion "1"]
[SourceVersionDate "2021.10.06"]
[SourceQuality "1"]

1. g3 e5 2. Bg2 d5 3. c4 Nf6 4. cxd5 Nxd5 5. Qb3 c6 6. Nc3 Nb6 7. Nf3 Be6 8. Qc2 N8d7 9. b3 Bd6 10. Bb2 Nf6 11. Ng5 Bg4 12. Nge4 Nxe4 13. Nxe4 Bh5 14. Nxd6+ Qxd6 15. Qf5 Bg6 16. Qxe5+ Qxe5 17. Bxe5 f6 18. Bb2 0-0-0 19. d3 Rhe8 20. Kd2 Nd5 21. a3 Bh5 22. Rhe1 Bf7 23. b4 Nb6 24. Kc2 Na4 25. Rac1 Bg6 26. Kb3 Nb6 27. b5 Bf7+ 28. Kb4 Nd5+ 29. Ka4 Rd6 30. bxc6 bxc6 31. Ka5 Re7 32. a4 Rb7 33. Ba3 Rd8 34. Rxc6+ 1-0

[Event "Farias Brito Cearense-ch 55th"]
[Site "Farias Brito"]
[Date "2013.12.15"]
[Round "5"]
[White "Santos, Antonio Inacio Dos"]
[Black "Correia, Aristoteles de Jesu"]
[Result "1-0"]
[WhiteElo "2082"]
[BlackElo "1761"]
[PlyCount "43"]
[EventDate "2013.12.12"]
[EventType "swiss"]
[EventRounds "6"]
[EventCountry "BRA"]
[SourceTitle "CBM 158 Extra"]
[Source "ChessBase"]
[SourceDate "2014.02.28"]
[SourceVersion "1"]
[SourceVersionDate "2014.02.28"]
[SourceQuality "1"]

1. Nf3 d5 2. c4 Nf6 3. cxd5 Nxd5 4. Nc3 Nc6 5. e4 Nxc3 6. bxc3 e5 7. Bb5 Bd7 8. 0-0 Bd6 9. d4 0-0 10. Re1 Nxd4 11. Nxd4 exd4 12. Bxd7 Qxd7 13. cxd4 Bb4 14. Re3 Rad8 15. Bb2 Bc5 16. Rd3 Rfe8 17. Qf3 Qb5 18. Rb3 Qd7 19. dxc5 Rxe4 20. h3 Rc4 21. Qg3 f5 22. Rd3 1-0

[Event "Fortaleza Alves memorial 17th"]
[Site "Fortaleza"]
[Date "2013.05.19"]
[Round "5"]
[White "Zimmermann, Kleber Renato P"]
[Black "Santos, Antonio Inacio Dos"]
[Result "0-1"]
[WhiteElo "1940"]
[BlackElo "2072"]
[PlyCount "120"]
[EventDate "2013.05.17"]
[EventType "swiss"]
[EventRounds "6"]
[EventCountry "BRA"]
[SourceTitle "CBM 154 Extra"]
[Source "ChessBase"]
[SourceDate "2013.06.25"]
[SourceVersion "2"]
[SourceVersionDate "2013.06.25"]
[SourceQuality "1"]

1. d4 Nf6 2. c4 e6 3. Nf3 b6 4. g3 Bb7 5. Bg2 Be7 6. 0-0 0-0 7. d5 d6 8. Nc3 e5 9. Nh4 g6 10. e4 Nbd7 11. f4 Ne8 12. Nf3 Bf6 13. fxe5 Nxe5 14. Nxe5 Bxe5 15. Bh6 Ng7 16. Qd2 Ba6 17. b3 Qe7 18. Rae1 Bc8 19. Be3 Bg4 20. Bd4 f6 21. Rf2 Rae8 22. Ref1 a6 23. Na4 Bd7 24. Nb2 Bxd4 25. Qxd4 f5 26. Nd3 fxe4 27. Rxf8+ Rxf8 28. Rxf8+ Qxf8 29. Bxe4 Nh5 30. Nf2 a5 31. Kg2 Qe7 32. Bf3 Nf6 33. Ne4 Nxe4 34. Qxe4 Qxe4 35. Bxe4 Kg7 36. Kf3 Kf6 37. Kf4 h6 38. h4 g5+ 39. hxg5+ hxg5+ 40. Ke3 Ke5 41. a3 Bg4 42. b4 axb4 43. axb4 Bh3 44. Bd3 Bg2 45. b5 Bh3 46. Be2 Bf5 47. Bf1 Be4 48. Be2 Bc2 49. Bf1 Bb3 50. Be2 Ba2 51. Bd3 Bb3 52. Be2 Kf5 53. Kd4 Bc2 54. g4+ Kf4 55. Kc3 Be4 56. Kd4 Bf3 57. Bf1 Bxg4 58. Bd3 Bf3 59. Bf1 g4 60. Bd3 g3 0-1

[Event "Cearense-ch 54th sf"]
[Site "Fortaleza"]
[Date "2012.12.09"]
[Round "5.2"]
[White "Santos, Antonio Inacio Dos"]
[Black "Amorim, Marcio Felipe De Me"]
[Result "1-0"]
[WhiteElo "2050"]
[BlackElo "2036"]
[PlyCount "101"]
[EventDate "2012.12.07"]
[EventType "swiss"]
[EventRounds "6"]
[EventCountry "BRA"]
[SourceTitle "EXT 2022"]
[Source "ChessBase"]
[SourceDate "2021.10.06"]
[SourceVersion "1"]
[SourceVersionDate "2021.10.06"]
[SourceQuality "1"]

1. Nf3 Nf6 2. b3 g6 3. Bb2 Bg7 4. c4 d6 5. e3 0-0 6. Qc2 e5 7. d3 Nc6 8. a3 Nd7 9. h4 f5 10. Nc3 Nf6 11. Be2 h6 12. b4 Ne7 13. d4 e4 14. Ng1 c6 15. Nh3 Be6 16. Nf4 Bf7 17. g3 d5 18. c5 g5 19. hxg5 hxg5 20. Nh5 Bxh5 21. Bxh5 Nxh5 22. Rxh5 Ng6 23. 0-0-0 Qf6 24. Rg1 Kf7 25. b5 Rh8 26. Rgh1 Rxh5 27. Rxh5 f4 28. bxc6 bxc6 29. gxf4 gxf4 30. Qb3 Re8 31. Nd1 fxe3 32. fxe3 Qf3 33. Rh2 Kg8 34. Qb7 Nf4 35. exf4 Qxf4+ 36. Rd2 e3 37. Re2 Bxd4 38. Qb4 Bxb2+ 39. Qxb2 d4 40. Qb3+ Kh7 41. Qd3+ Kh6 42. Kc2 Re5 43. Qc4 Qf5+ 44. Kb3 Rxc5 45. Rh2+ Kg5 46. Qxd4 Rb5+ 47. Kc3 Qc5+ 48. Qxc5+ Rxc5+ 49. Kb4 Rb5+ 50. Kc4 Kf4 51. Rh4+ 1-0

[Event "Cearense-ch 54th sf"]
[Site "Fortaleza"]
[Date "2012.12.08"]
[Round "3.2"]
[White "Santos, Antonio Inacio Dos"]
[Black "Ribeiro, Matheus Cavalcante"]
[Result "1/2-1/2"]
[WhiteElo "2050"]
[BlackElo "2112"]
[PlyCount "124"]
[EventDate "2012.12.07"]
[EventType "swiss"]
[EventRounds "6"]
[EventCountry "BRA"]
[SourceTitle "EXT 2022"]
[Source "ChessBase"]
[SourceDate "2021.10.06"]
[SourceVersion "1"]
[SourceVersionDate "2021.10.06"]
[SourceQuality "1"]

1. d4 Nf6 2. c4 g6 3. Nf3 Bg7 4. Nc3 d5 5. cxd5 Nxd5 6. e4 Nxc3 7. bxc3 c5 8. Bc4 Nc6 9. Be3 0-0 10. 0-0 Bg4 11. Rb1 cxd4 12. cxd4 Bxd4 13. Bxd4 Bxf3 14. Qxf3 Nxd4 15. Qe3 Rb8 16. Bd5 Nc6 17. Bxc6 bxc6 18. Qxa7 Ra8 19. Qb7 Qd6 20. Rbd1 Qe6 21. Rc1 Rfc8 22. Ra1 Rcb8 23. Qc7 Rb2 24. a4 Qxe4 25. a5 Qc4 26. a6 Ra2 27. Rac1 Qxa6 28. Rxc6 Qe2 29. Rcc1 e6 30. Qc3 Rd8 31. Qf6 Rad2 32. Rc7 R2d7 33. h4 h5 34. Rfc1 Qd2 35. Rc8 Qd4 36. Qg5 Kg7 37. R8c4 Qf6 38. Qxf6+ Kxf6 39. Rf4+ Ke5 40. Rcc4 f5 41. g3 Kf6 42. Kg2 Rd6 43. Rc2 Rd4 44. Rxd4 Rxd4 45. Kf3 g5 46. hxg5+ Kxg5 47. Rc8 h4 48. Rg8+ Kf6 49. gxh4 Rxh4 50. Rf8+ Ke5 51. Ra8 Rh3+ 52. Ke2 f4 53. Rf8 Ke4 54. Ra8 f3+ 55. Kd2 e5 56. Ra4+ Kf5 57. Ke3 Ke6 58. Ra3 Kf5 59. Ra8 Rh6 60. Kxf3 Rf6 61. Ke3 Rb6 62. Ra3 Rc6 1/2-1/2

[Event "BRA-ch sf-B"]
[Site "Fortaleza"]
[Date "2012.11.04"]
[Round "7"]
[White "Santos, Antonio Inacio Dos"]
[Black "Cohen Farias, Paulo"]
[Result "1-0"]
[WhiteElo "2050"]
[BlackElo "2191"]
[PlyCount "113"]
[EventDate "2012.11.01"]
[EventType "swiss"]
[EventRounds "8"]
[EventCountry "BRA"]
[SourceTitle "EXT 2013"]
[Source "ChessBase"]
[SourceDate "2012.11.22"]
[SourceVersion "1"]
[SourceVersionDate "2012.11.22"]
[SourceQuality "1"]

1. d4 Nf6 2. c4 e6 3. Nf3 d5 4. g3 dxc4 5. Qa4+ Nc6 6. Qxc4 Bb4+ 7. Bd2 Bxd2+ 8. Nbxd2 Qd5 9. Rc1 Bd7 10. Bg2 0-0 11. 0-0 Rfd8 12. e3 Rac8 13. Rfd1 Be8 14. Ne1 Qh5 15. Ne4 Nxe4 16. Bxe4 Ne5 17. Qc5 f6 18. Bxb7 Rb8 19. Bg2 Rxb2 20. f3 Rd5 21. Qc3 Rxg2+ 22. Kxg2 Nc6 23. Nd3 Ra5 24. Rd2 Qd5 25. Nf4 Qd6 26. Qc4 Bd7 27. Rcc2 Ra3 28. Kf2 Ra5 29. Nxe6 Qxe6 30. Qxe6+ Bxe6 31. Rxc6 Bxa2 32. Rxc7 Be6 33. Rb2 h5 34. e4 Bh3 35. Rc5 Ra1 36. Rxh5 Rf1+ 37. Ke2 Bg2 38. Rb3 Ra1 39. Kd2 a5 40. Kc2 a4 41. Rb8+ Kf7 42. Kb2 Rf1 43. Ra5 Bxf3 44. Rf5 Rb1+ 45. Kxb1 Bxe4+ 46. Kb2 Bxf5 47. Ra8 Bd7 48. Ra7 Ke6 49. Kc3 g6 50. Kb4 g5 51. Kc5 f5 52. d5+ Ke7 53. Ra6 Be8 54. Kd4 Bb5 55. Ra5 Bd7 56. Ke5 g4 57. Ra7 1-0

[Event "BRA-ch sf-B"]
[Site "Fortaleza"]
[Date "2012.11.02"]
[Round "3"]
[White "Santos, Antonio Inacio Dos"]
[Black "Barata, Fabio Albiani"]
[Result "1-0"]
[WhiteElo "2050"]
[BlackElo "1801"]
[PlyCount "63"]
[EventDate "2012.11.01"]
[EventType "swiss"]
[EventRounds "8"]
[EventCountry "BRA"]
[SourceTitle "EXT 2013"]
[Source "ChessBase"]
[SourceDate "2012.11.22"]
[SourceVersion "1"]
[SourceVersionDate "2012.11.22"]
[SourceQuality "1"]

1. d4 Nf6 2. c4 e5 3. Nf3 exd4 4. Nxd4 Bc5 5. e3 0-0 6. Bd3 Bxd4 7. exd4 Nc6 8. Be3 Re8 9. 0-0 d6 10. Nc3 Ng4 11. Qf3 Qh4 12. h3 Nf6 13. Rad1 Ne7 14. Nb5 Rb8 15. Nxc7 Rd8 16. d5 a6 17. Ba7 Bd7 18. Bxb8 Rxb8 19. c5 Ng6 20. Bxg6 hxg6 21. c6 Bf5 22. Qe3 Ne4 23. Rd4 Qd8 24. Nxa6 bxa6 25. Rxe4 Bxe4 26. Qxe4 Rxb2 27. Qc4 Qc8 28. Re1 Qf5 29. Re8+ Kh7 30. Qh4+ Qh5 31. Qxh5+ gxh5 32. c7 1-0

[Event "Luiz Rego Memorial"]
[Site "Teresina"]
[Date "2012.03.16"]
[Round "2"]
[White "Assuncao, Jose Ribamar da Cos"]
[Black "Santos, Antonio Inacio Dos"]
[Result "0-1"]
[WhiteElo "1675"]
[BlackElo "2017"]
[PlyCount "122"]
[EventDate "2012.03.16"]
[EventType "swiss"]
[EventRounds "6"]
[EventCountry "BRA"]
[SourceTitle "CBM 147 Extra"]
[Source "ChessBase"]
[SourceDate "2012.04.24"]
[SourceVersion "1"]
[SourceVersionDate "2012.04.24"]
[SourceQuality "1"]

1. e4 c5 2. Nf3 Nc6 3. d4 cxd4 4. Nxd4 Nf6 5. Nc3 Qb6 6. Nb3 e6 7. Be3 Qc7 8. a3 b6 9. f3 Bb7 10. Qd2 Rd8 11. 0-0-0 d5 12. exd5 Nxd5 13. Bf2 Nxc3 14. Qxc3 Rxd1+ 15. Kxd1 Qd6+ 16. Kc1 Qf4+ 17. Be3 Qe5 18. Qd2 Be7 19. Bf4 Qf5 20. Bc4 0-0 21. Be3 Rd8 22. Qf2 Qe5 23. f4 Qf6 24. Be2 e5 25. Rd1 Rxd1+ 26. Bxd1 Bd6 27. f5 h6 28. g4 Be7 29. Nd2 Nb8 30. Bf3 Bxf3 31. Qxf3 Qc6 32. Qxc6 Nxc6 33. Ne4 f6 34. Kd2 Kf7 35. Kd3 Ke8 36. Kc4 Kd7 37. Nc3 Bd8 38. h3 a6 39. Nd5 Na5+ 40. Kc3 Kc6 41. Nb4+ Kb7 42. Kd3 Nc6 43. Kc4 Ne7 44. Nd5 Nc8 45. Nc3 Kc6 46. a4 Nd6+ 47. Kb4 Be7 48. Kb3 b5 49. axb5+ axb5 50. Bf2 Bd8 51. Bg1 Ba5 52. Bf2 Bxc3 53. bxc3 h5 54. Be1 hxg4 55. hxg4 Nc4 56. Bf2 e4 57. Bh4 e3 58. Ka2 Nd2 59. Kb2 Nf3 60. Bg3 e2 61. Kc1 Kd5 0-1

[Event "Cearense-ch"]
[Site "Fortaleza"]
[Date "2011.12.15"]
[Round "4.3"]
[White "Brandao, Marcius Gomes"]
[Black "Santos, Antonio Inacio Dos"]
[Result "1-0"]
[WhiteElo "2036"]
[BlackElo "2047"]
[PlyCount "45"]
[EventDate "2011.12.15"]
[EventType "tourn"]
[EventRounds "7"]
[EventCountry "BRA"]
[SourceTitle "EXT 2022"]
[Source "ChessBase"]
[SourceDate "2021.10.06"]
[SourceVersion "1"]
[SourceVersionDate "2021.10.06"]
[SourceQuality "1"]

1. d4 Nf6 2. Nf3 e6 3. e3 d5 4. Bd3 c5 5. c3 Bd6 6. Nbd2 Nbd7 7. 0-0 0-0 8. Re1 Qc7 9. e4 cxd4 10. cxd4 dxe4 11. Nxe4 Nxe4 12. Rxe4 Nf6 13. Rh4 h6 14. Bxh6 gxh6 15. Qd2 Bf4 16. Rxf4 Kg7 17. Ne5 Rh8 18. Qe3 Qe7 19. Qg3+ Kf8 20. Qh4 Kg7 21. Re1 Rd8 22. Re3 Ng8 23. Rg3+ 1-0

[Event "Fortaleza op 26th"]
[Site "Fortaleza"]
[Date "2011.11.23"]
[Round "5"]
[White "Pinto, Carlos Henrique Lop"]
[Black "Santos, Antonio Inacio Dos"]
[Result "1-0"]
[WhiteElo "2131"]
[BlackElo "2047"]
[PlyCount "79"]
[EventDate "2011.11.19"]
[EventType "swiss"]
[EventRounds "7"]
[EventCountry "BRA"]
[SourceTitle "CBM 145 Extra"]
[Source "ChessBase"]
[SourceDate "2012.01.03"]
[SourceVersion "1"]
[SourceVersionDate "2012.01.03"]
[SourceQuality "1"]

1. d4 Nf6 2. c4 g6 3. Nc3 Bg7 4. e4 d6 5. f4 Nc6 6. d5 Nb8 7. Be2 Nbd7 8. Nf3 e5 9. fxe5 Nxe5 10. Nxe5 dxe5 11. 0-0 b6 12. Bg5 h6 13. Be3 Qe7 14. a3 0-0 15. Qd2 Kh7 16. h3 a5 17. Rab1 Nd7 18. b4 axb4 19. axb4 f5 20. exf5 gxf5 21. Bd3 e4 22. Be2 Ne5 23. c5 Nd7 24. Nb5 bxc5 25. Nxc7 Ra3 26. Ne6 Bc3 27. Nxf8+ Qxf8 28. Qc2 Bxb4 29. Rxb4 cxb4 30. Bd4 b3 31. Qc7 Ra2 32. Bg4 Rc2 33. Qf4 Nc5 34. Qb8 Qg8 35. Qc7+ Kg6 36. Qd6+ Kh7 37. Qe7+ Kg6 38. Qf6+ Kh7 39. Rxf5 Ne6 40. Qe7+ 1-0